مكتبة جامعة عجلون الوطنية

فهرس بحث المكتبة

الصورة الفنية في ديوان "عيون سلمى" للشاعر حسن بكر العزازي عناصر التشكيل والابداع = The Poetic Image in Hassan Bakr Al-Azazzi's poetry " Oyonn Salma's" Elements of Structure and Creativity / (Record no. 33578)

MARC details
000 -LEADER
fixed length control field 01120nam a22002057a 4500
003 - CONTROL NUMBER IDENTIFIER
control field JO-AjAnu
005 - DATE AND TIME OF LATEST TRANSACTION
control field 20240708093644.0
008 - FIXED-LENGTH DATA ELEMENTS--GENERAL INFORMATION
fixed length control field 240708b jo ||||| |||| 00| 0 ara d
040 ## - CATALOGING SOURCE
Original cataloging agency JO-AjAnu
Language of cataloging ara
Transcribing agency JO-AjAnu
Description conventions rda
041 ## - LANGUAGE CODE
Language code of text/sound track or separate title ara
Language code of original ara
050 ## - LIBRARY OF CONGRESS CALL NUMBER
Classification number PJ7541
Item number 2024
100 #1 - MAIN ENTRY--PERSONAL NAME
Personal name قريشات، احمد خليل
Relator term معد
9 (RLIN) 66051
245 #0 - TITLE STATEMENT
Title الصورة الفنية في ديوان "عيون سلمى" للشاعر حسن بكر العزازي عناصر التشكيل والابداع = The Poetic Image in Hassan Bakr Al-Azazzi's poetry " Oyonn Salma's" Elements of Structure and Creativity /
Statement of responsibility, etc. اعداد احمد خليل قريشات؛ اشراف علي قاسم الخرابشة
260 ## - PUBLICATION, DISTRIBUTION, ETC.
Date of publication, distribution, etc. 2024
300 ## - PHYSICAL DESCRIPTION
Extent 112 ورقة
500 ## - GENERAL NOTE
General note رسالة جامعية ( رسالة ماجستير في اللغة العربية وآدابها) جامعة عجلون الوطنية ( عجلون، الاردن)، كلية الآداب، 2024.
650 70 - SUBJECT ADDED ENTRY--TOPICAL TERM
Topical term or geographic name entry element الصورة الشعرية - الشعر العربي
9 (RLIN) 66054
700 #1 - ADDED ENTRY--PERSONAL NAME
Personal name الخرابشة، علي قاسم
Relator term مشرف
9 (RLIN) 66055
942 ## - ADDED ENTRY ELEMENTS (KOHA)
Source of classification or shelving scheme Library of Congress Classification
Koha item type Thesis
Suppress in OPAC No
Holdings
Withdrawn status Lost status Source of classification or shelving scheme Damaged status Not for loan Home library Current library Date acquired Total Checkouts Full call number Barcode Date last seen Price effective from Koha item type
    Library of Congress Classification     مكتبة جامعة عجلون الوطنية مكتبة جامعة عجلون الوطنية 08/07/2024   PJ7541 2024 a29893 08/07/2024 08/07/2024 Thesis
    Library of Congress Classification     مكتبة جامعة عجلون الوطنية مكتبة جامعة عجلون الوطنية 08/07/2024   PJ7541 2024 a29892 08/07/2024 08/07/2024 Thesis